| 000 | 00559nam a22001937a 4500 | ||
|---|---|---|---|
| 003 | CEME | ||
| 005 | 20210628202917.0 | ||
| 008 | 210104b xxu||||| |||| 00| 0 eng d | ||
| 020 | _a9788131705667 | ||
| 040 | _c. | ||
| 082 | _a670 KAL | ||
| 100 |
_aKalpakjian, Serope ,Schmid, Steven R _962267 |
||
| 245 | _aManufacturing processes for engineering materials | ||
| 250 | _a5TH | ||
| 260 |
_aINDIA _bPEARSON EDUCATION _c2016 |
||
| 300 | _aXVII, 1010P | ||
| 650 |
_aTEXTBOOK-DME.MANUFACTURING PROCESSES FOR ENGINEERING MATERIALS _962268 |
||
| 942 |
_cBK _2ddc |
||
| 999 |
_c571428 _d571428 |
||